00445nam a2200145Ia 4500008004100000041001200041082001100053100001400064245004400078260000600122650000600128942000700134999001700141952014100158221030s9999 xx 000 0 und d aEnglish a105.23 aA. Beiser 0aConcpts of Modern Physicscby A. Beiser c0 aB cBK c10403d10403 pB 1848l0o105.23 r2022-10-30 00:00:00w2022-10-30yBK003Print4070aMIETLIBbMIETLIBcBL-, FL-, CUP-0, SH-0, R-0d2012-05-3010HBE